000 006190000a22001930004500
001 768714001
003 CO-MdFUSB
005 20170616121114.0
008 170616s1986 ag ||||| |||| 00| 0 spa d
022 _a0122-2996
040 _aCO-MdFUSB
_bspa
_cCO-MdFUSB
_dCO-MdFUSB
041 _aspa
100 1 _aCook, Guillermo
_eautor
245 1 0 _aLa espiritualidad en las comunidades de base
300 _aVolumen 18. Número 24 (1986), Páginas 227-252
_c22 cm.
546 _aTexto en español
773 0 _tBoletín Teológico
_049507
_961485
_gVolumen 18. Número 24 (1986), Páginas 227-252
_qPágina 227
942 _cANA
999 _c59665
_d59665